| 000 | 00701nam a2200217 a 4500 | ||
|---|---|---|---|
| 999 |
_c8131 _d8131 |
||
| 001 | 8131 | ||
| 003 | BD-JhCC | ||
| 005 | 20180218195148.0 | ||
| 008 | 180218s1990 bg |||| ||a| 000 0 b d | ||
| 035 | _a(BD-JhCC)8131 | ||
| 040 |
_aBD-JhCC _dBD-JhCC |
||
| 041 | _aben | ||
| 082 |
_a780 _bHAQ 1990 |
||
| 100 | _aহক,আসাদুল. | ||
| 245 |
_aআদি গ্রামোফোন রেকর্ডে ধারণকৃত, _bনজরুল-সঙ্গীতের বাণী / _cআসাদুল হক. |
||
| 260 |
_aঢাকা : _bনজরুল ইন্সটিটিউট ; _c1990. |
||
| 300 |
_a76 p. : _c22 cm. |
||
| 651 | _aMusic | ||
| 942 |
_2lcc _cBK |
||